Ford Cars by Picture - Statistics

General Stats
  • This quiz has been taken 370 times
  • The average score is 14 of 28
Answer Stats
Picture Answer % Correct
Mustang
98%
Bronco
92%
F-150
92%
Explorer
78%
GT
78%
Fiesta
67%
Model T
67%
Transit
65%
Focus
64%
Expedition
60%
Crown Victoria
59%
Ranger
59%
Mustang Mach-E
56%
Flex
55%
Fusion
55%
Edge
47%
Taurus
46%
Super Duty
43%
Escape
39%
Thunderbird
32%
C Max
30%
EcoSport
27%
GT90
21%
Transit Connect
18%
Fairlane
13%
E Series
9%
Endeavor
4%
Escort
4%
No matching quizzes found
Score Distribution
Percent of People with Each Score
Percentile by Number Answered
Your Score History
You have not taken this quiz